[Event "Bird's Opening Thematic!"]
[Site "SchemingMind.com"]
[Date "2018.05.13"]
[Round "-"]
[White "Kenny Elliott"]
[Black "Robert Bruce"]
[Result "0-1"]
[WhiteCountry "USA"]
[BlackCountry "SCO"]
[WhiteElo "1528"]
[WhiteRD "70"]
[BlackElo "2285"]
[BlackRD "69"]
[GameID "428167"]

1. f4 g5 2. fxg5 e5 3. Nf3 e4 4. Nd4 Qxg5 5. d3 e3 6. Nf3 Qe7 7. Nc3 Nf6 8. b3 d5 9. Bb2 Bg7 10. d4 Bf5
11. Qc1 Nc6 12. Ba3 Nb4 13. Bxb4 Qxb4 14. Qxe3+ Ne4 15. O-O-O Bh6 16. Qxh6 Qa3+ 17. Kb1 Nxc3+ 18. Ka1 Qxa2#
0-1

[Event "Bird's Opening Thematic!"]
[Site "SchemingMind.com"]
[Date "2018.05.13"]
[Round "-"]
[White "Kenny Elliott"]
[Black "flyinduck"]
[Result "0-1"]
[WhiteCountry "USA"]
[BlackCountry "CAN"]
[WhiteElo "1503"]
[WhiteRD "69"]
[BlackElo "2086"]
[BlackRD "62"]
[GameID "428169"]

1. f4 e5 2. fxe5 d6 3. exd6 Bxd6 4. Nf3 g5 5. Nd4 g4 6. g3 h5 7. Rg1 h4 8. e4 Bxg3+ 9. hxg3 Qxd4 10. Bb5+ c6
11. Ke2 cxb5 12. d3 hxg3 13. Rg2 Rh2 14. Rxh2 gxh2 15. Qh1 Qg1
0-1

[Event "Bird's Opening Thematic!"]
[Site "SchemingMind.com"]
[Date "2018.05.13"]
[Round "-"]
[White "flyinduck"]
[Black "Kenny Elliott"]
[Result "1-0"]
[WhiteCountry "CAN"]
[BlackCountry "USA"]
[WhiteElo "2108"]
[WhiteRD "61"]
[BlackElo "1516"]
[BlackRD "72"]
[GameID "428170"]

1. f4 d5 2. Nf3 Bg4 3. e3 e6 4. h3 Bh5 5. g4 Bg6 6. d3 f5 7. Bg2 Nc6 8. O-O Qf6 9. Nc3 h6 10. Bd2 O-O-O
11. a3 Bd6 12. gxf5 Bxf5 13. b4 a6 14. e4 dxe4 15. dxe4 Nge7 16. exf5 Nxf5 17. Qe1 Qg6 18. Ne4 e5 19. Nxd6+ Nxd6 20. fxe5 Rhe8
21. Bf4 Nc4 22. Qf2 N4xe5 23. Nxe5 Nxe5 24. Bxe5 Rxe5 25. Rad1 Rde8 26. Qf3 Qb6+ 27. Qf2 Qxf2+ 28. Rxf2 Re3 29. Rd3 Re1+ 30. Kh2 R8e7
31. Rfd2 Kb8 32. Rd8+ Ka7 33. R8d7 Rxd7 34. Rxd7 c6 35. Bxc6 Re2+ 36. Bg2 Rxc2 37. Rxb7+ Ka8 38. Rc7+ Kb8 39. Rxc2
1-0

[Event "Bird's Opening Thematic!"]
[Site "SchemingMind.com"]
[Date "2018.05.13"]
[Round "-"]
[White "Kenny Elliott"]
[Black "Nirvana"]
[Result "1-0"]
[WhiteCountry "USA"]
[BlackCountry "ALG"]
[WhiteElo "1503"]
[WhiteRD "69"]
[BlackElo "1326"]
[BlackRD "118"]
[GameID "428171"]

1. f4 c5 2. e4 Nc6 3. Bb5 Qb6 4. Nc3 d6 5. b3 a6 6. Bxc6+ Qxc6 7. Bb2 Nf6 8. d3 Bg4 9. Nge2 g6 10. h3 Bxe2
11. Qxe2 Bg7 12. O-O-O O-O 13. Kb1 Nh5 14. Nd5 Bxb2 15. Nxe7+
1-0

[Event "Bird's Opening Thematic!"]
[Site "SchemingMind.com"]
[Date "2018.05.13"]
[Round "-"]
[White "Nirvana"]
[Black "Kenny Elliott"]
[Result "0-1"]
[WhiteCountry "ALG"]
[BlackCountry "USA"]
[WhiteElo "1146"]
[WhiteRD "89"]
[BlackElo "1516"]
[BlackRD "72"]
[GameID "428172"]

1. f4 f5 2. Nf3 Nf6 3. e3 e6 4. Bc4 d5 5. Bb3 b6 6. O-O Bb7 7. Nc3 Bb4 8. a3 Bxc3 9. bxc3 Nbd7 10. d4 Ne4
11. Bd2 Qf6 12. Ba4 O-O-O 13. Bxd7+ Rxd7 14. Ne5 Rd6 15. c4 dxc4 16. Nxc4 Rd5 17. a4 a5 18. Be1 Ba6 19. Qd3 Bxc4 20. Qxc4 Rhd8
21. Rb1 R8d6 22. Qa6+ Kd7 23. c4 b5
0-1

[Event "Bird's Opening Thematic!"]
[Site "SchemingMind.com"]
[Date "2018.05.13"]
[Round "-"]
[White "Kenny Elliott"]
[Black "Johnny Owens"]
[Result "0-1"]
[WhiteCountry "USA"]
[BlackCountry "USA"]
[WhiteElo "1516"]
[WhiteRD "72"]
[BlackElo "2197"]
[BlackRD "64"]
[GameID "428173"]

1. f4 d5 2. e3 g6 3. d4 Bg7 4. Nf3 Nf6 5. Nc3 O-O 6. g3 c5 7. Bg2 Nc6 8. O-O cxd4 9. exd4 h5 10. Ne5 Bg4
11. Nxc6 bxc6 12. Qe1 Qb6 13. Kh1 Qxd4 14. Be3 Qb4 15. Rb1 d4 16. Bxc6 Rac8 17. Nd5 Nxd5 18. Bxd5 Qc5 19. Bxd4 Qxd5+ 20. Kg1 Bxd4+
21. Rf2 Bh3
0-1

[Event "Bird's Opening Thematic!"]
[Site "SchemingMind.com"]
[Date "2018.05.13"]
[Round "-"]
[White "Johnny Owens"]
[Black "Kenny Elliott"]
[Result "1-0"]
[WhiteCountry "USA"]
[BlackCountry "USA"]
[WhiteElo "2197"]
[WhiteRD "64"]
[BlackElo "1516"]
[BlackRD "72"]
[GameID "428174"]

1. f4 d5 2. Nf3 Nc6 3. e3 Bg4 4. h3 Bh5 5. g4 Bg6 6. f5 Bxf5 7. gxf5 Nf6 8. Bb5 Qd6 9. Qe2 O-O-O 10. Nc3 Qg3+
11. Qf2 Qxf2+ 12. Kxf2 Nb4 13. Ne5 Nxc2 14. Nxf7 Nxa1 15. Nxh8 c6 16. Bd3 c5 17. Nf7 Rd7 18. b3 Rc7 19. Ng5 c4 20. bxc4 dxc4
21. Bb1 g6 22. fxg6 hxg6 23. Ne6 Rc6 24. Nxf8 Nh5 25. Nxg6
1-0